Physical rehabilitation of the injured athlete (Registro nro. 40674)

Detalles MARC
000 -ENCABEZADO
Número de control [NR] 00949nam a2200265Ia 4500
005 - FECHA Y HORA DE LA ÚLTIMA TRANSACCIÓN
control field 20190205112038.0
008 - DE LONGITUD FIJA DE DATOS DE ELEMENTOS - INFORMACIÓN GENERAL
Elementos de longitud fija [NR] 130821s2012 xxu gr eng
020 ## - NUMERO INTERNACIONAL NORMALIZADO PARA LIBROS [R]
Número Internacional Normalizado del libro [NR] 9781437724110 (4a.Ed.)
020 ## - NUMERO INTERNACIONAL NORMALIZADO PARA LIBROS [R]
Número Internacional Normalizado del libro [NR] 721665497 (2a.Ed.)
040 ## - FUENTE DE CATALOGACION [NR]
Agencia de catalogación original [NR] Co-BoUCM
Idioma de catalogación [NR] Español
Quien Cataloga Doris Forero
Quien Clasifica Doris Forero
041 00 - CODIGO DE IDIOMA [R]
Código de idioma para texto/pista de sonido o título separado [R] Inglés
060 ## - SIGNATURA TOPOGRAFICA DE LA BIBLIOTECA NACIONAL DE MEDICINA (NLM) [R]
Número clasificador [R] QT 261
245 00 - MENCION DE TITULO [NR]
Título [NR] Physical rehabilitation of the injured athlete
Mención de responsabilidad, etc. [NR] editado por James R. Andrews, Gary L. Harrelson, Kevin E. Wilk
250 ## - MENCION DE EDICION [NR]
Mención de edición [NR] 4th ed.
260 ## - PUBLICACION, DISTRIBUCION, ETC. (PIE DE IMPRENTA) [R]
Lugar de publicación, distribución, etc. [R] Filadelfia (Pensilvania, Estados Unidos)
Nombre del editor, distribuidor, etc. [R] W.B. Saunders
Fecha de publicación, distribución, etc. [R] 2012
300 ## - DESCRIPCION FISICA [R]
Extensión [R] xiii, 618 páginas
500 ## - NOTA GENERAL [R]
Nota general [NR] Incluye bibliografía e índice.
650 04 - ASIENTO SECUNDARIO DE MATERIA - TERMINO TEMATICO [R]
Término temático o nombre geográfico como elemento de entrada [NR] Accidentes deportivos
9 (RLIN) 8317
650 04 - ASIENTO SECUNDARIO DE MATERIA - TERMINO TEMATICO [R]
Término temático o nombre geográfico como elemento de entrada [NR] Fisioterapia
9 (RLIN) 15956
650 04 - ASIENTO SECUNDARIO DE MATERIA - TERMINO TEMATICO [R]
Término temático o nombre geográfico como elemento de entrada [NR] Medicina deportiva
9 (RLIN) 19146
700 1# - ASIENTO SECUNDARIO - NOMBRE PERSONAL [R]
Nombre personal [NR] Andrews, James R.
Término de relación [R] editor
9 (RLIN) 95384
700 1# - ASIENTO SECUNDARIO - NOMBRE PERSONAL [R]
Nombre personal [NR] Harrelson, Gary L.
Término de relación [R] editor
9 (RLIN) 95385
700 1# - ASIENTO SECUNDARIO - NOMBRE PERSONAL [R]
Nombre personal [NR] Wilk, Kevin E.
Término de relación [R] editor
9 (RLIN) 95386
942 ## - ELEMENTOS DE ENTRADA AGREGADOS (KOHA)
Tipo de ítem principal el descrito en 300a Libro
Tema principal Medicina
Edición 4
Parte restante de la signatura top. P578
Sistema de clasificación NLM
Clasificación QT 261
Existencias
Suprimido Perdido Sistema de clasificación Dañado No prestable Tipo de ítem específico Ubicación habitual Ubicación actual Localización Fecha de creación Forma de adquisición Costo Volúmen / Fascículo Total préstamos Total Renewals Signatura topográfica Código de barras Última vez visto Fecha de último préstamo Ejemplar Price effective from Tipo de ítem
    NLM     Libro Hospital Universitario Mayor Hospital Universitario Mayor 9no piso 28/02/2013 Compra 231300.00 4a. Ed. 1 1 QT 261 P578 200023225 01/12/2025 03/05/2017 Ej.1 03/02/2013 Libro
    NLM     Libro Quinta de Mutis Quinta de Mutis 1er piso 28/02/2003 Compra 145000.00 2a. Ed. 33 2 QT 261 P578 200003009 12/12/2025 02/02/2018 Ej.1 03/02/2013 Libro